Food by Picture #2 - Statistics

General Stats
  • This quiz has been taken 47 times
    27 since last reset
  • The average score is 10 of 15
Answer Stats
Picture Answer % Correct
Hotdog
96%
Ice cream
96%
Pretzel
96%
Spaghetti
96%
Sushi
96%
Burrito
84%
Doughnut
84%
Fondue
64%
Spring rolls
56%
Macarons
52%
Passion fruit
52%
Gnocchi
44%
Mooncake
28%
Tortilla chips
24%
Panna cotta
8%
No matching quizzes found
Score Distribution
Percent of People with Each Score
Percentile by Number Answered
Your Score History
You have not taken this quiz since the last reset